[Event "Muensterland Regionalliga Gr1 2223"]
[Site "Germany"]
[Date "2022.09.03"]
[Round "1.6"]
[White "Steiner, Karl"]
[Black "Ratert, Matthias"]
[Result "0-1"]
[WhiteElo "1868"]
[BlackElo "1839"]
[PlyCount "100"]
[EventDate "2022.09.03"]
[EventType "team-tourn"]
[EventRounds "7"]
[EventCountry "GER"]
[SourceTitle "EXT 2024"]
[Source "ChessBase"]
[SourceDate "2023.10.10"]
[SourceVersion "1"]
[SourceVersionDate "2023.10.10"]
[SourceQuality "1"]
[WhiteTeam "Bocholt"]
[BlackTeam "Rheine Klein Berlin"]
[WhiteTeamCountry "GER"]
[BlackTeamCountry "GER"]

1. Nf3 Nf6 2. c4 c5 3. g3 Nc6 4. Nc3 g6 5. Bg2 Bg7 6. 0-0 0-0 7. d3 d6 8. Rb1 Nd4 9. e3 Nxf3+ 10. Bxf3 Rb8 11. Qc2 Bh3 12. Re1 h5 13. b4 Qd7 14. e4 Ng4 15. Nd5 Bd4 16. Ne3 Ne5 17. Bg2 h4 18. Bb2 Bxg2 19. Kxg2 h3+ 20. Kh1 Nf3 21. Rf1 Qe6 22. Qc1 f5 23. Bxd4 cxd4 24. exf5 Rxf5 25. Nxf5 Qxf5 26. Rb3 Nd2 27. f4 Nxb3 28. axb3 Qxd3 29. Qe1 Rf8 30. Qe6+ Rf7 31. Qxh3 Qxb3 32. Qe6 Qd3 33. Re1 Qf5 34. Qe2 d3 35. Qe3 e5 36. Qxa7 d2 37. Rd1 Qe4+ 38. Kg1 Qe1+ 39. Rxe1 dxe1Q+ 40. Kg2 Qxb4 41. fxe5 Qd2+ 42. Kh3 Rh7+ 43. Kg4 Qe2+ 44. Kg5 Qh5+ 45. Kf4 dxe5+ 46. Ke3 Qg5+ 47. Kd3 Qf5+ 48. Kc3 Qf3+ 49. Kb4 Rxh2 50. Qb8+ Qf8+ 0-1

[Event "Muensterland Regionalliga 1819"]
[Site "Germany"]
[Date "2019.01.12"]
[Round "5.7"]
[White "Ratert, Matthias"]
[Black "Kamp, Aaron"]
[Result "0-1"]
[WhiteElo "1878"]
[BlackElo "1848"]
[PlyCount "62"]
[EventDate "2018.09.08"]
[EventType "team-tourn"]
[EventRounds "9"]
[EventCountry "GER"]
[SourceTitle "EXT 2020"]
[Source "ChessBase"]
[SourceDate "2019.10.17"]
[SourceVersion "1"]
[SourceVersionDate "2019.10.17"]
[SourceQuality "1"]
[WhiteTeam "Rheine Klein Berlin"]
[BlackTeam "Muenster III"]
[WhiteTeamCountry "GER"]
[BlackTeamCountry "GER"]

1. e4 c5 2. c3 Nf6 3. e5 Nd5 4. Nf3 Nc6 5. Bc4 Nb6 6. Bb3 d6 7. d4 cxd4 8. cxd4 Bg4 9. Bxf7+ Kxf7 10. Ng5+ Ke8 11. Qxg4 dxe5 12. d5 Nxd5 13. 0-0 Nd4 14. Nc3 Nf6 15. Qg3 e6 16. Qd3 Qd7 17. f4 Bc5 18. Kh1 Ng4 19. Qg3 h5 20. fxe5 Nf5 21. Qe1 h4 22. Bf4 Ng3+ 23. Bxg3 hxg3 24. Qxg3 Rxh2+ 25. Qxh2 Nxh2 26. Kxh2 Qd4 27. Nf3 Qf4+ 28. g3 Qg4 29. Rae1 Ke7 30. Nh4 Rh8 31. Kg2 Rxh4 0-1

[Event "Muensterland Verbandsklasse 1819"]
[Site "Germany"]
[Date "2018.10.06"]
[Round "2.1"]
[White "Ratert, Matthias"]
[Black "Emming, Benedikt"]
[Result "1-0"]
[WhiteElo "1850"]
[BlackElo "1825"]
[PlyCount "103"]
[EventDate "2018.09.15"]
[EventType "team-tourn"]
[EventRounds "9"]
[EventCountry "GER"]
[SourceTitle "EXT 2020"]
[Source "ChessBase"]
[SourceDate "2019.10.17"]
[SourceVersion "1"]
[SourceVersionDate "2019.10.17"]
[SourceQuality "1"]
[WhiteTeam "Rheine Klein Berlin II"]
[BlackTeam "Suedlohn II"]
[WhiteTeamCountry "GER"]
[BlackTeamCountry "GER"]

1. Nf3 c5 2. g3 Nc6 3. Bg2 d5 4. d4 e6 5. 0-0 Nf6 6. c4 Be7 7. cxd5 Nxd5 8. a3 0-0 9. dxc5 Bxc5 10. Qc2 Bb6 11. e4 Nde7 12. Bf4 Bd7 13. Nc3 Nd4 14. Nxd4 Bxd4 15. Ne2 Bb6 16. Rfd1 Ng6 17. Bd6 Re8 18. b4 e5 19. Bc5 Rc8 20. Bh3 Bxc5 21. bxc5 Rc7 22. Nc3 Qc8 23. Bxd7 Rxd7 24. Qa4 Rxd1+ 25. Rxd1 a6 26. Qd7 Nf8 27. Qxc8 Rxc8 28. Nd5 Re8 29. Rc1 Ne6 30. c6 bxc6 31. Rxc6 Ra8 32. Nb6 Nd4 33. Rc4 Rb8 34. Nd7 Rb1+ 35. Kg2 f6 36. Ra4 Ra1 37. Rxa6 Kf7 38. a4 Ne6 39. Ra7 Kg6 40. a5 Nd4 41. a6 Nb5 42. Rb7 Nd6 43. Rb6 Nxe4 44. Nxe5+ Kf5 45. Nc6 Nd6 46. Ne7+ Ke5 47. f4+ Ke6 48. Nc8 Kd7 49. Nxd6 Kc7 50. Nc4 Ra4 51. Rb7+ Kc6 52. Ne3 1-0

[Event "Muensterland Verbandsklasse 1718"]
[Site "Germany"]
[Date "2017.12.16"]
[Round "4.1"]
[White "Lerke, Bernd"]
[Black "Ratert, Matthias"]
[Result "1-0"]
[WhiteElo "1811"]
[BlackElo "1868"]
[PlyCount "101"]
[EventDate "2017.09.16"]
[EventType "team-tourn"]
[EventRounds "9"]
[EventCountry "GER"]
[SourceTitle "EXT 2019"]
[Source "ChessBase"]
[SourceDate "2018.10.10"]
[SourceVersion "1"]
[SourceVersionDate "2018.10.10"]
[SourceQuality "1"]
[WhiteTeam "Nordwalde"]
[BlackTeam "Rheine Klein Berlin II"]
[WhiteTeamCountry "GER"]
[BlackTeamCountry "GER"]

1. Nf3 g6 2. e4 Bg7 3. d4 c5 4. d5 d6 5. Bd3 Nf6 6. Nc3 0-0 7. h3 Nbd7 8. Bd2 Ne8 9. Qe2 a6 10. a4 Ne5 11. Nxe5 dxe5 12. g4 h6 13. a5 Bd7 14. Nd1 Nd6 15. Ne3 Nb5 16. c3 Nd6 17. c4 b5 18. axb6 Qxb6 19. Ba5 Qb8 20. Bc3 Qb6 21. h4 a5 22. g5 h5 23. 0-0 a4 24. Ra3 Nb7 25. Bc2 f6 26. Rfa1 fxg5 27. hxg5 Nd6 28. f3 Kh7 29. Bxa4 Bxa4 30. Rxa4 Rxa4 31. Rxa4 Nf7 32. Qg2 Qd8 33. Ra7 Re8 34. Nf5 gxf5 35. g6+ Kg8 36. gxf7+ Kxf7 37. exf5 Rh8 38. Qg6+ Kf8 39. Qc6 Qd6 40. Qc8+ Kf7 41. Qe6+ Qxe6 42. fxe6+ Kf6 43. f4 Rg8 44. fxe5+ Kf5 45. Kf2 Bf8 46. b4 cxb4 47. Bxb4 Kxe5 48. Ra8 h4 49. Bxe7 h3 50. Bxf8 h2 51. e7 1-0

[Event "Muensterland Verbandsklasse 1617"]
[Site "Germany"]
[Date "2017.03.25"]
[Round "8.1"]
[White "Ratert, Matthias"]
[Black "Hanewinkel, Christian"]
[Result "1-0"]
[WhiteElo "1869"]
[BlackElo "1662"]
[PlyCount "81"]
[EventDate "2016.09.24"]
[EventType "team"]
[EventRounds "9"]
[EventCountry "GER"]
[SourceTitle "EXT 2018"]
[Source "ChessBase"]
[SourceDate "2017.10.13"]
[SourceVersion "1"]
[SourceVersionDate "2017.10.13"]
[SourceQuality "1"]
[WhiteTeam "Rheine Klein Berlin II"]
[BlackTeam "Beelen II"]
[WhiteTeamCountry "GER"]
[BlackTeamCountry "GER"]

1. e4 c5 2. c3 Nc6 3. Nf3 e6 4. d4 cxd4 5. cxd4 Bb4+ 6. Nc3 d5 7. Bd3 Nge7 8. 0-0 h6 9. Ne2 dxe4 10. Bxe4 Nd5 11. Nf4 Bd6 12. Ne5 Nxf4 13. Bxf4 Qf6 14. Qa4 Bd7 15. Bxc6 bxc6 16. Nxd7 Kxd7 17. Bxd6 Kxd6 18. Rac1 Rhc8 19. Rc3 Rc7 20. Qa3+ Kd7 21. Rfc1 Rac8 22. b4 Ke8 23. Rc4 Qe7 24. Qc3 Qd6 25. a4 Kd7 26. Qf3 Kd8 27. g3 Qd5 28. Qg4 f5 29. Qe2 Re7 30. Rc5 Qb3 31. b5 Qxa4 32. bxc6 Qb4 33. Qe5 Qb2 34. Qd6+ Ke8 35. c7 Qb7 36. d5 exd5 37. Qg6+ Rf7 38. Rc6 Kf8 39. Qd6+ Kg8 40. Qxd5 Kf8 41. Qd8+ 1-0

[Event "Muensterland Verbandsklasse 1617"]
[Site "Germany"]
[Date "2017.03.04"]
[Round "7.1"]
[White "Santos Brito, Daniel"]
[Black "Ratert, Matthias"]
[Result "1-0"]
[WhiteElo "1936"]
[BlackElo "1869"]
[PlyCount "75"]
[EventDate "2016.09.24"]
[EventType "team"]
[EventRounds "9"]
[EventCountry "GER"]
[SourceTitle "EXT 2018"]
[Source "ChessBase"]
[SourceDate "2017.10.13"]
[SourceVersion "1"]
[SourceVersionDate "2017.10.13"]
[SourceQuality "1"]
[WhiteTeam "Neuenkirchen II"]
[BlackTeam "Rheine Klein Berlin II"]
[WhiteTeamCountry "GER"]
[BlackTeamCountry "GER"]

1. e4 e5 2. Bc4 Nf6 3. Nf3 Nxe4 4. d4 d5 5. Bb3 Be6 6. Nxe5 Nd7 7. Nxd7 Qxd7 8. 0-0 0-0-0 9. f3 Nf6 10. Be3 h5 11. a4 Nh7 12. c3 g5 13. Bc2 f5 14. f4 Be7 15. Nd2 Rdg8 16. Nf3 Bd6 17. Ne5 Bxe5 18. dxe5 gxf4 19. Bxf4 Ng5 20. Bxg5 Rxg5 21. Rf2 Rhg8 22. Qe2 f4 23. Kh1 Qg7 24. Re1 Bh3 25. Rg1 Bg4 26. Qf1 f3 27. g3 h4 28. h3 Bxh3 29. Qxh3+ Kb8 30. g4 Qxe5 31. Qxf3 a6 32. Qf4 Qg7 33. Bf5 Rf8 34. Qd4 Qe7 35. b4 Rgg8 36. b5 a5 37. Rgf1 Rh8 38. b6 1-0

[Event "Muensterland Verbandsklasse 1617"]
[Site "Germany"]
[Date "2017.02.11"]
[Round "6.1"]
[White "Ratert, Matthias"]
[Black "Teusner, Martin"]
[Result "1-0"]
[WhiteElo "1869"]
[BlackElo "1843"]
[PlyCount "83"]
[EventDate "2016.09.24"]
[EventType "team"]
[EventRounds "9"]
[EventCountry "GER"]
[SourceTitle "EXT 2018"]
[Source "ChessBase"]
[SourceDate "2017.10.13"]
[SourceVersion "1"]
[SourceVersionDate "2017.10.13"]
[SourceQuality "1"]
[WhiteTeam "Rheine Klein Berlin II"]
[BlackTeam "Sendenhorst"]
[WhiteTeamCountry "GER"]
[BlackTeamCountry "GER"]

1. e4 e5 2. Nf3 Nf6 3. Nxe5 d6 4. Nf3 Nxe4 5. d4 Be7 6. Bd3 Nf6 7. 0-0 0-0 8. Re1 Nc6 9. c3 Bg4 10. Nbd2 Qd7 11. Nf1 Bf5 12. Bxf5 Qxf5 13. Ng3 Qd7 14. Qd3 Rae8 15. b4 Bd8 16. Bg5 h6 17. Bd2 Nb8 18. Nf5 h5 19. b5 Rxe1+ 20. Rxe1 Re8 21. Rxe8+ Qxe8 22. Bg5 Ng4 23. Bxd8 Qxd8 24. Ng3 Nf6 25. c4 Qe7 26. h3 Nbd7 27. Qa3 a6 28. bxa6 bxa6 29. Qxa6 Nb6 30. Qb5 g6 31. a4 d5 32. c5 Nc4 33. a5 Qd8 34. a6 Qa8 35. Ne5 Nxe5 36. dxe5 c6 37. Qb7 Qxb7 38. axb7 Nd7 39. Ne2 Kf8 40. Nd4 Nb8 41. f4 Ke7 42. g4 1-0

[Event "Muensterland Verbandsklasse 1516"]
[Site "Germany"]
[Date "2016.01.23"]
[Round "5.2"]
[White "Ratert, Matthias"]
[Black "Te Sligte, Bert"]
[Result "1/2-1/2"]
[WhiteElo "1828"]
[BlackElo "1839"]
[PlyCount "92"]
[EventDate "2015.09.19"]
[EventType "team"]
[EventRounds "9"]
[EventCountry "GER"]
[SourceTitle "EXT 2017"]
[Source "ChessBase"]
[SourceDate "2016.10.25"]
[SourceVersion "1"]
[SourceVersionDate "2016.10.25"]
[SourceQuality "1"]
[WhiteTeam "Rheine Klein Berlin II"]
[BlackTeam "Stadtlohn"]
[WhiteTeamCountry "GER"]
[BlackTeamCountry "GER"]

1. e4 e5 2. Nf3 Nc6 3. Bb5 a6 4. Ba4 Nf6 5. 0-0 Be7 6. Re1 b5 7. Bb3 0-0 8. d4 d6 9. c3 Bg4 10. d5 Na5 11. Bc2 c5 12. Nbd2 Rc8 13. b3 Re8 14. h3 Bh5 15. Nf1 h6 16. g4 Bg6 17. Ng3 Nh7 18. Kg2 Nb7 19. Qe2 Qd7 20. Be3 Ra8 21. a4 Ng5 22. Nh4 Rac8 23. Nhf5 Bf8 24. h4 Nh7 25. Nxh6+ gxh6 26. h5 Nf6 27. hxg6 fxg6 28. f3 b4 29. c4 Nd8 30. g5 hxg5 31. Bxg5 Bg7 32. Rh1 Nf7 33. Be3 Kf8 34. Rag1 Ke7 35. Kf1 Rh8 36. f4 Rxh1 37. Nxh1 Qh3+ 38. Ke1 Rh8 39. Nf2 Qh4 40. Rxg6 Bh6 41. f5 Bf4 42. Kd2 Ng5 43. Bxf4 Qxf4+ 44. Qe3 Nf3+ 45. Kd3 Nd4 46. Qxf4 exf4 1/2-1/2

[Event "Steinfurt Bezirksliga 1314"]
[Site "Germany"]
[Date "2014.02.15"]
[Round "6.3"]
[White "Schulze Oechtering, Matthias"]
[Black "Ratert, Matthias"]
[Result "1/2-1/2"]
[WhiteElo "1830"]
[BlackElo "1825"]
[PlyCount "53"]
[EventDate "2013.09.14"]
[EventType "team-tourn"]
[EventRounds "9"]
[EventCountry "GER"]
[SourceTitle "EXT 2015"]
[Source "ChessBase"]
[SourceDate "2014.11.20"]
[SourceVersion "1"]
[SourceVersionDate "2014.11.20"]
[SourceQuality "1"]
[WhiteTeam "Neuenkirchen II"]
[BlackTeam "Rheine Klein Berlin II"]
[WhiteTeamCountry "GER"]
[BlackTeamCountry "GER"]

1. e4 e5 2. Nf3 Nf6 3. d4 Nxe4 4. Nxe5 d6 5. Nf3 d5 6. Nbd2 Nc6 7. c3 Bd6 8. Bd3 0-0 9. 0-0 Nf6 10. Re1 Be6 11. Ne5 Qc8 12. Ndf3 Ne7 13. Bg5 Kh8 14. Qd2 Ne4 15. Bxe4 dxe4 16. Bxe7 Bxe7 17. Rxe4 f6 18. Nd3 Bd6 19. Nf4 Bf5 20. Re2 g5 21. Nd5 Qd7 22. Ne3 Bf4 23. g3 Bg4 24. Kg2 Bh3+ 25. Kh1 Bg4 26. Kg2 Bh3+ 27. Kh1 1/2-1/2

[Event "Steinfurt Bezirksliga 1314"]
[Site "Germany"]
[Date "2013.11.09"]
[Round "3.2"]
[White "Hokamp, Sascha"]
[Black "Ratert, Matthias"]
[Result "0-1"]
[WhiteElo "1895"]
[BlackElo "1825"]
[PlyCount "68"]
[EventDate "2013.09.14"]
[EventType "team-tourn"]
[EventRounds "9"]
[EventCountry "GER"]
[SourceTitle "EXT 2015"]
[Source "ChessBase"]
[SourceDate "2014.11.20"]
[SourceVersion "1"]
[SourceVersionDate "2014.11.20"]
[SourceQuality "1"]
[WhiteTeam "Reckenfeld"]
[BlackTeam "Rheine Klein Berlin II"]
[WhiteTeamCountry "GER"]
[BlackTeamCountry "GER"]

1. Nf3 Nf6 2. d4 g6 3. Bf4 Bg7 4. Nc3 d5 5. e3 0-0 6. Be2 c5 7. Nb5 Na6 8. 0-0 Ne4 9. a4 Bf5 10. c3 h6 11. h3 Qb6 12. Bh2 c4 13. b3 Rac8 14. bxc4 dxc4 15. Nd2 Nxd2 16. Qxd2 e5 17. g4 Be4 18. f3 exd4 19. exd4 Bd5 20. Rfb1 Qe6 21. Nxa7 Rce8 22. Ra2 Qe3+ 23. Kg2 f5 24. Qxe3 Rxe3 25. Rb5 fxg4 26. Kf2 Rxc3 27. Bd6 Bxd4+ 28. Ke1 gxh3 29. Rd2 Rc1+ 30. Rd1 Rxd1+ 31. Kxd1 Bxf3 32. Bxf8 Bxe2+ 33. Kxe2 h2 34. Rb1 Bg1 0-1

[Event "Steinfurt Bezirk-ch 1314"]
[Site "Rheine"]
[Date "2013.??.??"]
[Round "2"]
[White "Ratert, Matthias"]
[Black "Hemmert, Michael"]
[Result "0-1"]
[WhiteElo "1823"]
[BlackElo "2032"]
[PlyCount "112"]
[EventDate "2013.??.??"]
[EventType "swiss"]
[EventRounds "6"]
[EventCountry "GER"]
[SourceTitle "EXT 2015"]
[Source "ChessBase"]
[SourceDate "2014.11.20"]
[SourceVersion "1"]
[SourceVersionDate "2014.11.20"]
[SourceQuality "1"]

1. e4 g6 2. d4 Bg7 3. g3 d6 4. Bg2 Nf6 5. Ne2 0-0 6. 0-0 c6 7. h3 Qc7 8. c3 e5 9. Be3 Re8 10. Nd2 b5 11. Qc2 c5 12. dxc5 dxc5 13. c4 b4 14. Nb3 Na6 15. Nec1 Bb7 16. Rd1 Rad8 17. Ne2 Qe7 18. Rxd8 Rxd8 19. f3 Ne8 20. Na5 Ba8 21. h4 Nec7 22. Bh3 Ne6 23. Bxe6 Qxe6 24. Rd1 Rd7 25. Qa4 Rxd1+ 26. Qxd1 Qe7 27. Qa4 Nc7 28. a3 bxa3 29. Qxa3 Ne6 30. Nb3 Bf8 31. Nec1 Nd4 32. Kf2 f5 33. exf5 gxf5 34. Nd3 f4 35. Bxd4 fxg3+ 36. Kxg3 Qg7+ 37. Kf2 cxd4 38. Qa6 e4 39. Qe6+ Kh8 40. fxe4 Bb7 41. Nbc5 Be7 42. h5 Qf8+ 43. Ke2 Bc8 44. Qe5+ Bf6 45. Qf4 Qg7 46. Nf2 Be5 47. Qf3 a5 48. Ncd3 Bf6 49. b3 Qg5 50. Nf4 Bg7 51. Kd3 a4 52. bxa4 Qa5 53. e5 Qc3+ 54. Ke2 Qxc4+ 55. Qd3 Qxa4 56. e6 Ba6 0-1

[Event "Steinfurt Bezirk-ch 1314"]
[Site "Rheine"]
[Date "2013.??.??"]
[Round "6"]
[White "Ratert, Matthias"]
[Black "Langhans, Joerg"]
[Result "0-1"]
[WhiteElo "1823"]
[BlackElo "1952"]
[PlyCount "58"]
[EventDate "2013.??.??"]
[EventType "swiss"]
[EventRounds "6"]
[EventCountry "GER"]
[SourceTitle "EXT 2015"]
[Source "ChessBase"]
[SourceDate "2014.11.20"]
[SourceVersion "1"]
[SourceVersionDate "2014.11.20"]
[SourceQuality "1"]

1. e4 e5 2. Nf3 Nc6 3. Bb5 a6 4. Ba4 Nf6 5. 0-0 Nxe4 6. Re1 Nc5 7. Bxc6 dxc6 8. d4 Ne6 9. dxe5 Qxd1 10. Rxd1 Be7 11. Be3 Bd7 12. Nbd2 0-0-0 13. Ne4 h6 14. Nd4 Nxd4 15. Bxd4 Bf5 16. f3 Rhe8 17. Rd3 Bxe4 18. fxe4 Rxd4 19. Rxd4 Bc5 20. c3 Rxe5 21. Re1 Re8 22. Kf2 Bxd4+ 23. cxd4 Kd7 24. Ke3 f5 25. e5 c5 26. h4 cxd4+ 27. Kxd4 Ke6 28. Rc1 Rd8+ 29. Ke3 c6 0-1

[Event "Muensterland Verbandsklasse-A 0405"]
[Site "Muensterland"]
[Date "2005.02.12"]
[Round "6.8"]
[White "Ratert, Matthias"]
[Black "Grotenhuis, Gerard"]
[Result "1-0"]
[WhiteElo "1713"]
[BlackElo "1911"]
[PlyCount "43"]
[EventDate "2004.09.11"]
[EventType "team"]
[EventRounds "9"]
[EventCountry "GER"]
[SourceTitle "EXT 2006"]
[Source "ChessBase"]
[SourceDate "2005.11.24"]
[SourceVersion "1"]
[SourceVersionDate "2005.11.24"]
[SourceQuality "1"]
[WhiteTeam "Nordwalde"]
[BlackTeam "Gronau"]
[WhiteTeamCountry "GER"]
[BlackTeamCountry "GER"]

1. e4 d5 2. exd5 Qxd5 3. Nc3 Qd6 4. d4 Nf6 5. Be2 a6 6. Bf3 Nc6 7. Nge2 e5 8. Bxc6+ Qxc6 9. dxe5 Ng4 10. Qd5 Bc5 11. Qxc6+ bxc6 12. Ne4 Bb6 13. Bf4 Bf5 14. N2g3 Bg6 15. h3 f5 16. exf6 Nxf6 17. Nxf6+ gxf6 18. 0-0-0 Bxf2 19. Rhf1 Bb6 20. Rfe1+ Kf7 21. Rd7+ Kg8 22. Bh6 1-0

[Event "Muensterland Verbandsklasse-A 0405"]
[Site "Muensterland"]
[Date "2004.11.27"]
[Round "4.8"]
[White "Loecke, Tobias"]
[Black "Ratert, Matthias"]
[Result "0-1"]
[WhiteElo "1040"]
[BlackElo "1713"]
[PlyCount "30"]
[EventDate "2004.09.11"]
[EventType "team"]
[EventRounds "9"]
[EventCountry "GER"]
[SourceTitle "EXT 2006"]
[Source "ChessBase"]
[SourceDate "2005.11.24"]
[SourceVersion "1"]
[SourceVersionDate "2005.11.24"]
[SourceQuality "1"]
[WhiteTeam "Emsdetten Turm III"]
[BlackTeam "Nordwalde"]
[WhiteTeamCountry "GER"]
[BlackTeamCountry "GER"]

1. e4 e5 2. Nf3 Nf6 3. Nc3 Bb4 4. Nxe5 0-0 5. Ng4 Bxc3 6. dxc3 Nxe4 7. Qd4 d5 8. Bh6 f6 9. Bxg7 Kxg7 10. h3 Nc6 11. Qd3 Ne5 12. Nxe5 fxe5 13. f3 Qh4+ 14. Ke2 Ng3+ 15. Ke3 Qf4+ 0-1

[Event "Muensterland Verbandsklasse-A 0304"]
[Site "Germany"]
[Date "2004.04.17"]
[Round "9.7"]
[White "Janz, Stefan"]
[Black "Ratert, Matthias"]
[Result "1-0"]
[WhiteElo "1796"]
[BlackElo "1727"]
[PlyCount "61"]
[EventDate "2003.09.20"]
[EventType "team"]
[EventRounds "9"]
[EventCountry "GER"]
[SourceTitle "EXT 2005"]
[Source "ChessBase"]
[SourceDate "2004.11.15"]
[SourceVersion "1"]
[SourceVersionDate "2004.11.15"]
[SourceQuality "1"]
[WhiteTeam "Sendenhorst"]
[BlackTeam "Nordwalde"]
[WhiteTeamCountry "GER"]
[BlackTeamCountry "GER"]

1. d4 Nf6 2. Nf3 g6 3. c4 Bg7 4. Nc3 d5 5. e3 0-0 6. Bd3 c5 7. dxc5 Qa5 8. 0-0 Rd8 9. Qb3 Na6 10. cxd5 Nxc5 11. Qb5 Qxb5 12. Bxb5 Nxd5 13. Nxd5 Rxd5 14. Bc4 Rd8 15. Ng5 e6 16. Rb1 h6 17. Nf3 e5 18. b3 Bf5 19. Ra1 e4 20. Nd4 Bxd4 21. exd4 Rxd4 22. Be3 Rxc4 23. bxc4 Nd3 24. Bxh6 Rc8 25. Be3 b6 26. c5 bxc5 27. Rab1 Rc7 28. Bd2 c4 29. Bc3 Nf4 30. Rb8+ Kh7 31. Rh8# 1-0

[Event "Muensterland Verbandsklasse-A 0304"]
[Site "Germany"]
[Date "2004.03.06"]
[Round "7.6"]
[White "Ratert, Matthias"]
[Black "Moeller, Christian"]
[Result "0-1"]
[WhiteElo "1727"]
[BlackElo "1758"]
[PlyCount "48"]
[EventDate "2003.09.20"]
[EventType "team"]
[EventRounds "9"]
[EventCountry "GER"]
[SourceTitle "EXT 2005"]
[Source "ChessBase"]
[SourceDate "2004.11.15"]
[SourceVersion "1"]
[SourceVersionDate "2004.11.15"]
[SourceQuality "1"]
[WhiteTeam "Nordwalde"]
[BlackTeam "Ibbenbueren"]
[WhiteTeamCountry "GER"]
[BlackTeamCountry "GER"]

1. e4 e5 2. Nf3 Nc6 3. Bb5 Nf6 4. 0-0 Be7 5. Re1 0-0 6. c3 d6 7. h3 a6 8. Ba4 b5 9. Bc2 Bb7 10. d4 exd4 11. cxd4 Nb4 12. d5 c5 13. dxc6 Bxc6 14. Bf4 Rc8 15. Bd3 Nxd3 16. Qxd3 d5 17. e5 Ne4 18. Nd4 Bd7 19. Nc3 Nxc3 20. bxc3 Rc4 21. Qg3 Bh4 22. Qf3 Be6 23. Nxe6 fxe6 24. Qg4 Bxf2+ 0-1

[Event "Muensterland Verbandsklasse-A 0304"]
[Site "Germany"]
[Date "2004.01.17"]
[Round "5.7"]
[White "Wigger, Reiner"]
[Black "Ratert, Matthias"]
[Result "1/2-1/2"]
[WhiteElo "1843"]
[BlackElo "1727"]
[PlyCount "76"]
[EventDate "2003.09.20"]
[EventType "team"]
[EventRounds "9"]
[EventCountry "GER"]
[SourceTitle "EXT 2005"]
[Source "ChessBase"]
[SourceDate "2004.11.15"]
[SourceVersion "1"]
[SourceVersionDate "2004.11.15"]
[SourceQuality "1"]
[WhiteTeam "Muenster Indische Dame"]
[BlackTeam "Nordwalde"]
[WhiteTeamCountry "GER"]
[BlackTeamCountry "GER"]

1. e4 e5 2. Nf3 Nf6 3. Nc3 Bb4 4. Nxe5 0-0 5. Be2 Re8 6. Nd3 Bxc3 7. dxc3 Nxe4 8. c4 d6 9. 0-0 Nc6 10. f3 Ng5 11. Nf4 Ne6 12. Nd5 Ned4 13. Bd3 Bf5 14. b3 Bxd3 15. Qxd3 Ne2+ 16. Kh1 Nxc1 17. Raxc1 Ne5 18. Qf5 Ng6 19. Rfe1 Ne7 20. Qg5 Nxd5 21. Qxd5 Rxe1+ 22. Rxe1 c6 23. Qe4 a6 24. Qe7 b5 25. Qe4 Qd7 26. h3 g6 27. c3 Kf8 28. Qd4 Kg8 29. Kh2 Rd8 30. Qf6 d5 31. cxb5 axb5 32. Kg3 Qd6+ 33. Qxd6 Rxd6 34. Re7 Kf8 35. Rc7 Kg7 36. Kf4 Kf6 37. a4 bxa4 38. bxa4 d4 1/2-1/2